|
|
|
|
| LEADER |
00000nab a2200000 a 4500 |
| 001 |
vtls001029772 |
| 003 |
SK-MaSNL |
| 005 |
20260303192744.0 |
| 008 |
040720e20010704xo 0 slo |
| 035 |
|
|
|a SL8326
|
| 040 |
|
|
|a SLLK
|b slo
|c SLLK
|e AACR2
|
| 041 |
0 |
|
|a slo
|
| 044 |
|
|
|a xo
|c SK
|
| 080 |
|
|
|a 796.325
|2 1981
|
| 100 |
1 |
|
|a Hreško, Mikuláš
|4 aut
|9 753537
|
| 245 |
1 |
0 |
|a Potknutie na ceste za krajským majstrovským titulom
|b príslušnosť k slovenskej volejbalovej špičke
|
| 518 |
|
|
|a sezóna 2000-2001
|
| 610 |
2 |
7 |
|a ŠKM Pienstav Stará Ľubovňa
|2 SLLK
|9 1222830
|
| 650 |
0 |
7 |
|a volejbal
|2 SLLK
|9 3294
|
| 650 |
0 |
7 |
|a žiaci starší
|2 SLLK
|9 883560
|
| 651 |
|
7 |
|a Stará Ľubovňa (Slovensko)
|2 SLLK
|9 19193
|
| 651 |
|
7 |
|a SL,
|2 SLLK
|9 1022390
|
| 655 |
|
7 |
|a periodikum
|2 snkbucl
|9 29553
|
| 710 |
2 |
|
|a ŠKM PIENSTAV (Stará Ľubovňa, Slovensko)
|4 aut
|9 1222831
|
| 773 |
0 |
8 |
|t Ľubovnianske noviny
|g Roč. 27, č.26, 4.7.2001, s. 4
|
| 852 |
|
|
|a ZVYKNI
|b KIS3GCP
|
| 999 |
|
|
|c 2148554
|d 2150484
|